[Event "Santa Margalida Mallorca-ch"]
[Site "Santa Margalida"]
[Date "2016.11.25"]
[Round "5"]
[White "Coll Verger, Amador"]
[Black "Oliver Jaume, Fernando"]
[Result "0-1"]
[WhiteElo "1550"]
[BlackElo "1784"]
[PlyCount "100"]
[EventDate "2016.11.11"]
[EventType "swiss"]
[EventRounds "8"]
[EventCountry "ESP"]
[SourceTitle "EXT 2018"]
[Source "ChessBase"]
[SourceDate "2017.10.13"]
[SourceVersion "1"]
[SourceVersionDate "2017.10.13"]
[SourceQuality "1"]

1. c4 Nf6 2. Nc3 g6 3. g3 Bg7 4. Bg2 c6 5. e4 d6 6. d3 Qb6 7. Nge2 Nbd7 8. Na4 Qc7 9. 0-0 Ng4 10. Nf4 Nde5 11. h3 Nf6 12. Rb1 h5 13. b3 g5 14. Ne2 g4 15. h4 Nf3+ 16. Bxf3 gxf3 17. Nd4 Bg4 18. Nf5 Rh7 19. Bb2 0-0-0 20. Re1 Bh8 21. Qd2 e6 22. Ne3 Rg8 23. Nf1 Nd7 24. Bxh8 Rhxh8 25. Qf4 Ne5 26. Nb2 Rg7 27. Qf6 Rhg8 28. d4 Nd7 29. Qf4 e5 30. dxe5 Nxe5 31. Ne3 Qd7 32. Rbd1 Qe6 33. Nf5 Bxf5 34. exf5 Qf6 35. Qd4 Qxf5 36. Kh2 Rg4 37. Rxe5 dxe5 38. Qxa7 Rxh4+ 39. Kg1 Rhg4 40. Na4 Rxg3+ 41. fxg3 Rxg3+ 42. Kf2 Qc2+ 43. Kxg3 Qxd1 44. Nb6+ Kc7 45. Na8+ Kd6 46. Qb8+ Ke6 47. Nc7+ Kf5 48. Qc8+ Ke4 49. Kh4 f2 50. Ne6 Qg4# 0-1

[Event "Santa Margalida Mallorca-ch"]
[Site "Santa Margalida"]
[Date "2016.11.12"]
[Round "2"]
[White "Vanrell Sastre, Joan"]
[Black "Coll Verger, Amador"]
[Result "0-1"]
[WhiteElo "1206"]
[BlackElo "1550"]
[PlyCount "38"]
[EventDate "2016.11.11"]
[EventType "swiss"]
[EventRounds "8"]
[EventCountry "ESP"]
[SourceTitle "EXT 2018"]
[Source "ChessBase"]
[SourceDate "2017.10.13"]
[SourceVersion "1"]
[SourceVersionDate "2017.10.13"]
[SourceQuality "1"]

1. e4 d5 2. e5 c5 3. d3 Nc6 4. Nf3 Bg4 5. h3 Bxf3 6. gxf3 Nxe5 7. Bd2 e6 8. Bg2 Bd6 9. Na3 Qb6 10. b3 c4 11. Nb1 cxd3 12. 0-0 Ne7 13. c3 Nf5 14. Bf4 Ng6 15. Bxd6 Qxd6 16. Qxd3 Nf4 17. Qb5+ Qc6 18. Qxc6+ bxc6 19. Re1 Nh4 0-1

[Event "Campos Migjorn op"]
[Site "Campos"]
[Date "2016.10.01"]
[Round "8"]
[White "Peralta Martinez, Antonio"]
[Black "Coll Verger, Amador"]
[Result "1-0"]
[WhiteElo "1755"]
[BlackElo "1596"]
[PlyCount "75"]
[EventDate "2016.09.09"]
[EventType "swiss"]
[EventRounds "8"]
[EventCountry "ESP"]
[SourceTitle "EXT 2017"]
[Source "ChessBase"]
[SourceDate "2016.10.25"]
[SourceVersion "1"]
[SourceVersionDate "2016.10.25"]
[SourceQuality "1"]

1. d4 d5 2. c4 c6 3. Nc3 Nf6 4. Nf3 Bf5 5. Bg5 h6 6. Bxf6 exf6 7. e3 Bb4 8. cxd5 Qxd5 9. Nd2 Bxc3 10. bxc3 Qa5 11. Qb3 b5 12. Be2 0-0 13. Bf3 Be6 14. Qc2 Na6 15. Bxc6 Rac8 16. d5 b4 17. Nb3 Qb6 18. c4 Bg4 19. c5 Qc7 20. Qc4 Nb8 21. Qxg4 Nxc6 22. dxc6 a5 23. Nd4 Qe5 24. Rc1 Rfd8 25. 0-0 h5 26. Qg3 Qd5 27. Rc2 a4 28. Rfc1 Rxc6 29. Qf3 Qxf3 30. gxf3 Ra6 31. c6 b3 32. c7 Rc8 33. axb3 a3 34. Ra2 Kf8 35. Nb5 Ke7 36. Rxa3 Rxa3 37. Nxa3 Kd7 38. Nb5 1-0

[Event "Balears-ch Amateurs"]
[Site "Palma de Mallorca"]
[Date "2016.03.26"]
[Round "4"]
[White "Rossello Sanchez, Bartolome"]
[Black "Coll Verger, Amador"]
[Result "0-1"]
[WhiteElo "1511"]
[BlackElo "1595"]
[PlyCount "104"]
[EventDate "2016.03.24"]
[EventType "swiss"]
[EventRounds "6"]
[EventCountry "ESP"]
[SourceTitle "CBM 171 Extra"]
[Source "ChessBase"]
[SourceDate "2016.04.26"]
[SourceVersion "1"]
[SourceVersionDate "2016.04.26"]
[SourceQuality "1"]

1. b3 Nf6 2. Bb2 e6 3. e3 d5 4. a3 Be7 5. d3 c5 6. Be2 Nc6 7. Nd2 d4 8. e4 e5 9. Bf3 b5 10. Ne2 Bg4 11. Bxg4 Nxg4 12. Ng3 Nf6 13. Nf5 0-0 14. g4 Nd7 15. h4 g6 16. Nxe7+ Qxe7 17. g5 f6 18. h5 fxg5 19. hxg6 hxg6 20. Qg4 Rf4 21. Qh3 Rh4 22. Qg2 Rxh1+ 23. Qxh1 Kg7 24. Qg2 Qf6 25. Nf3 Rh8 26. Nxg5 Rh5 27. Nf3 Nd8 28. 0-0-0 Ne6 29. Re1 Nf4 30. Qg4 Nb6 31. Kd1 c4 32. Bc1 cxd3 33. Nxd4 Rg5 34. Qf3 dxc2+ 35. Kxc2 exd4 36. Bxf4 Rc5+ 37. Kd2 Rc3 38. Qg4 d3 39. Rg1 Rc2+ 40. Ke3 Rc5 41. e5 Qc6 42. Bh6+ Kxh6 43. Qh4+ Kg7 44. Qe7+ Kg8 45. Qd8+ Kf7 46. f4 Nd5+ 47. Kf3 Ne7+ 48. Kg3 Nf5+ 49. Kg4 Qe6 50. Qxd3 Nh6+ 51. Kg5 Qf5+ 52. Qxf5+ Nxf5 0-1

[Event "Palma de Mallorca op U2200"]
[Site "Palma de Mallorca"]
[Date "2013.01.16"]
[Round "5"]
[White "Rodriguez Bennassar, Miquel A"]
[Black "Coll Verger, Amador"]
[Result "0-1"]
[WhiteElo "1452"]
[BlackElo "1712"]
[PlyCount "68"]
[EventDate "2013.01.12"]
[EventType "swiss"]
[EventRounds "9"]
[EventCountry "ESP"]
[SourceTitle "EXT 2014"]
[Source "ChessBase"]
[SourceDate "2013.11.20"]
[SourceVersion "1"]
[SourceVersionDate "2013.11.20"]
[SourceQuality "1"]

1. d4 Nf6 2. Nf3 e6 3. g3 d5 4. Bg2 c5 5. 0-0 Nc6 6. c4 Be7 7. cxd5 exd5 8. h3 c4 9. Nc3 Be6 10. Ng5 Qd7 11. Nxe6 Qxe6 12. a3 a6 13. Qc2 Nxd4 14. Qd1 Nb3 15. Nxd5 Nxd5 16. Bxd5 Qc8 17. Rb1 0-0 18. Qc2 Nxc1 19. Rbxc1 Bg5 20. Qxc4 Bxc1 21. Rxc1 Qxh3 22. Bg2 Qd7 23. Qd5 Qg4 24. Kf1 Rfe8 25. e3 Rad8 26. Qb3 Rd2 27. Kg1 Qe2 28. Rf1 Rxb2 29. Qa4 Kf8 30. Qf4 Qd3 31. Rc1 Rc2 32. Rxc2 Qxc2 33. Qd6+ Kg8 34. Bxb7 Qb1+ 0-1